Paroles - PNL Je vis je visser - Statistiques

Statistiques générales
  • Ce quiz a été pris 287 fois
  • Le résultat moyen est 213 sur 448
Statistiques - réponses
Réponse % Correct
je
92%
V,
92%
M
90%
à
87%
L,
87%
(vis
84%
"vis
84%
la
82%
La
82%
le
78%
Le
78%
77%
de
76%
(de
76%
igo
76%
Igo
76%
visser
75%
mon
74%
un
73%
Un
73%
Ouais
72%
ouais
72%
en
71%
est
71%
ma
71%
on
71%
On
71%
au
68%
du
68%
j'me
68%
J'me
68%
Pour
68%
pour
68%
t'a
68%
comme
67%
j'ai
67%
J'ai
67%
d'la
66%
G
66%
chargé
64%
et
64%
les
64%
Les
64%
Que
64%
que
64%
se
64%
dans
63%
monnaie,
62%
te
62%
ce
60%
coffre
60%
retour
60%
ça
58%
poney
58%
sur
58%
une
58%
abonné
57%
j'veux
56%
J'veux
56%
mes
56%
Pas
56%
pas
56%
pas)
56%
tu
56%
elle
55%
vie
55%
(j'bibi)
54%
l'aller
53%
par
53%
qui
53%
coeur
52%
des
52%
casse
51%
cassé
51%
Famille
51%
Y
50%
y
50%
autres
49%
fin
49%
(j'm'ennuie)
49%
l'année
49%
s'enjaille,
49%
die
47%
Qlf,
47%
survit
46%
Y'a
46%
y'a
46%
aller
45%
dommage
45%
l'as
45%
qu'on
45%
tard,
45%
tard
45%
Encore
44%
soit
44%
tour,
44%
tour
44%
veux
44%
bien
43%
train
43%
vu
43%
belle,
42%
besoin
42%
Champs
42%
deux
42%
devant
42%
dit,
42%
enfer
42%
m'aime,
42%
marques
42%
PNL
42%
'tasse
42%
teille,
42%
va
42%
qu'il
41%
solitude
41%
accompagné
40%
c'est
40%
deal
40%
début
40%
papa,
40%
père
40%
plus
40%
(quand
40%
quand
40%
son
40%
Vraiment
40%
Ademo
39%
descends
39%
l'ascenseur
39%
tampon
39%
bandit,
38%
d'trainer
38%
faire
38%
ils
38%
ont
38%
casser
37%
danse
37%
J'accorde
37%
j'vends
37%
maîtresse
37%
Nutella
37%
Pétasse,
37%
qu'tu
37%
rue
37%
veille
37%
Venezuela
37%
Elevé
36%
misère
36%
m'renvoyer
36%
putes
36%
putes,
36%
ramasse,
36%
saper
36%
seum
36%
t'fait
36%
16,
35%
après
35%
Celle-là
35%
parlent
35%
rêver
35%
viens
35%
beuh,
34%
centaines
34%
crèvent
34%
Je vis, je visser
34%
j'prends
34%
J'suis
34%
j'suis
34%
j'y
34%
mais
34%
mat'
34%
oseille
34%
Petit
34%
retourne,
34%
soleil,
34%
suis
34%
tartines
34%
'teilles
34%
tel
34%
appeler
33%
fatigué
33%
J'écoule,
33%
Mowgli
33%
batards
32%
billets
32%
dents
32%
devoir
32%
donc
32%
fait
32%
Gabbana
32%
liste
32%
m'faut
32%
paye
32%
petite
32%
souris
32%
claque
31%
délogé
31%
destin
31%
J'galette
31%
j'la
31%
j'souris
31%
laisse
31%
nique
31%
qu'ils
31%
s'élever,
31%
veut
31%
victime
31%
aux
30%
l'enfer
30%
part,
30%
voir
30%
dégaine
29%
gow
29%
j'attendais
29%
l'taga,
29%
mamie,
29%
Ounga
29%
qu'jaurai
29%
réservé
29%
Ladif,
28%
l'prochain
28%
paraît
28%
chauffe
27%
euros
27%
Fleury,
27%
heure
27%
j'attends
27%
J'kiffe
27%
J'te
27%
juste
27%
j'vais
27%
là là là là
27%
m'est
27%
27%
télé
27%
tôt
27%
très
27%
avec
26%
courir
26%
Häagen-Dazs
26%
Quelques
26%
jusqu'à
25%
l'heure
25%
matin
25%
rappelle
25%
sieste
25%
vomir
25%
j'arriverai
24%
trois
24%
cernes
23%
Cet
23%
hess,
23%
libérable
23%
même
23%
mode
23%
repose
23%
retard,
23%
yeux,
23%
bientôt
22%
jungle
22%
pété
22%
visite
22%
base
21%
drogue
21%
(j'm'enfuie)
21%
l'seille,
21%
refais
21%
sous
21%
toi
21%
bon-char
20%
écarte
20%
J'marche
20%
qu'ma
20%
10 heures
19%
4 heures
19%
barre,
19%
été
19%
j'le
19%
plains
19%
5 heures
18%
faits,
18%
J'fume
18%
sais
18%
hmm,
17%
cesse
16%
réveille
16%
j'l'aurai
14%
keufs
14%
hood
13%
payes
13%
Marre
11%
change
10%
Handek
4%
Aucun quiz correspondant
Distribution des résultats
% des personnes avec chaque résultat
Percentile par nombre de réponses
Votre historique - résultats
Vous n’avez pas pris ce quiz